The Influence of Influencer Marketing on the Consumer Behavior of Generation Z
| Szerző: | |
|---|---|
| További közreműködők: | |
| Dokumentumtípus: | Diplomadolgozat |
| Kulcsszavak: | advertising influencer online marketing Social media Z generáció |
| Online Access: | http://dolgozattar.uni-bge.hu/59494 |
MARC
| LEADER | 00000nta a2200000 i 4500 | ||
|---|---|---|---|
| 001 | dolg59494 | ||
| 005 | 20260409145136.0 | ||
| 008 | 260409suuuu hu om 000 eng d | ||
| 040 | |a BGE Dolgozattár Repozitórium |b hun | ||
| 041 | |a en | ||
| 100 | 1 | |a Faragó Gréta | |
| 245 | 1 | 4 | |a The Influence of Influencer Marketing on the Consumer Behavior of Generation Z |c Faragó Gréta |h [elektronikus dokumentum] |
| 520 | 3 | |a This thesis focuses on the impact of influencer marketing on the consumer behavior of Generation Z in the context of the digital world. As part of this study, a focus group discussion with Generation Z consumers was conducted, along with an interview with a social media professional, which served as the basis for the qualitative research. The study aims to understand the impact of perceived influencer credibility on consumer trust, the role of influencers in purchasing decisions, and the differences in strategies for various social media channels. The research outlined that trust(authenticity), relatability, and purchase behavior depend on the content of the social media platform in question. Generation Z consumers relate more with micro-influencers which explains the greater engagement, while platform characteristics play a considerable role in the success of influencer marketing campaigns. The research calls attention to the fact that brands are in need of evolving strategies in terms of credibility and relevance. This study aids in understanding the implications of influencer marketing on consumer behavior but also adds to the broader discussion on the contemporary consumer culture and offers suggestions for marketing professionals aimed at a digitally oriented audience. | |
| 695 | |a advertising | ||
| 695 | |a influencer | ||
| 695 | |a online marketing | ||
| 695 | |a Social media | ||
| 695 | |a Z generáció | ||
| 700 | 1 | |a Orosz Pál |e ths | |
| 856 | 4 | 0 | |u http://dolgozattar.uni-bge.hu/59494/1/Thesis_Gr%C3%A9ta_Farag%C3%B3_BM6UR1.pdf |z Dokumentum-elérés |
| 856 | 4 | 0 | |u http://dolgozattar.uni-bge.hu/59494/2/Gre%CC%81taFarago%CC%81_Kulsos_2025.pdf |z Dokumentum-elérés |
| 856 | 4 | 0 | |u http://dolgozattar.uni-bge.hu/59494/3/Farag%C3%B3%20Gr%C3%A9ta_k.pdf |z Dokumentum-elérés |